Carte d'Afrique pixelisée - Statistiques

Statistiques générales
  • Ce quiz a été pris 23 812 fois
  • Le résultat moyen est 208 sur 246
Réponses sur la Carte
Les réponses sont colorées sur une échelle allant du rouge au vert en fonction du pourcentage des utilisateurs qui les ont devinées à leur premier essai. Vous pouvez retrouver ces pourcentages ci-dessous.
 
Statistiques - réponses
Pays % Correct
Maroc
99%
Algérie
98%
Afrique du Sud
96%
Égypte
96%
Tunisie
95%
République démocratique du Congo
94%
Madagascar
93%
République du Congo
92%
Libye
91%
Mali
88%
Niger
88%
Sénégal
87%
Soudan
87%
Nigeria
85%
Somalie
85%
Éthiopie
83%
Mauritanie
82%
Tchad
79%
Côte d'Ivoire
78%
Kenya
77%
Guinée
76%
Angola
75%
Cameroun
75%
Soudan du Sud
75%
Namibie
74%
Tanzanie
74%
Érythrée
72%
Mozambique
72%
Zambie
72%
Zimbabwe
72%
Ghana
69%
République Centrafricaine
69%
Bénin
66%
Botswana
64%
Burkina Faso
64%
Gabon
64%
Liberia
61%
Ouganda
61%
Malawi
50%
Aucun quiz correspondant
Distribution des résultats
% des personnes avec chaque résultat
Percentile par nombre de réponses
Votre historique - résultats
Vous n’avez pas pris ce quiz